000 00302nam a22001337a 4500
008 171107b xxu||||| |||| 00| 0 eng d
020 _a9780078110917
041 _aeng
080 _29TH
_a330.722.6
100 _a62
101 _aKON
245 _aMANAGERIAL ACCOUNTING
_cHILTON,R.W
942 _2udc
_cBK
999 _c38073
_d38073